The challenge to be a church in a changing world (Record no. 33906)

MARC details
000 -LEADER
fixed length control field 00633nam a22001697a 4500
008 - FIXED-LENGTH DATA ELEMENTS--GENERAL INFORMATION
fixed length control field 090316t xxu||||| |||| 00| 0 eng d
050 ## - LIBRARY OF CONGRESS CALL NUMBER
Classification number BX126.2
Item number .K47 1997
100 ## - MAIN ENTRY--PERSONAL NAME
Personal name I, Aram
245 ## - TITLE STATEMENT
Title The challenge to be a church in a changing world
Statement of responsibility, etc His holiness Aram I
260 ## - PUBLICATION, DISTRIBUTION, ETC. (IMPRINT)
Place of publication, distribution, etc New York
Name of publisher, distributor, etc The Armenian Prelacy
Date of publication, distribution, etc 1997
300 ## - PHYSICAL DESCRIPTION
Extent 206p. ;
Dimensions 23cm
650 ## - SUBJECT ADDED ENTRY--TOPICAL TERM
Source of heading or term Armenian church
650 ## - SUBJECT ADDED ENTRY--TOPICAL TERM
Source of heading or term Church and social problems
Chronological subdivision 20th century
650 ## - SUBJECT ADDED ENTRY--TOPICAL TERM
Source of heading or term Church and the world
General subdivision History
Chronological subdivision 20th century
942 ## - ADDED ENTRY ELEMENTS (KOHA)
Source of classification or shelving scheme Library of Congress Classification
Item type Book
Holdings
Withdrawn status Lost status Source of classification or shelving scheme Damaged status Not for loan Collection code Home library Current library Shelving location Date acquired Total Checkouts Full call number Barcode Date last borrowed Price effective from Koha item type
    Library of Congress Classification     Non-fiction Bishop Okullu Memorial Library (Limuru Campus) Bishop Okullu Memorial Library (Limuru Campus) General Circulation 16/03/2009 1 BX126.2 .K47 1997 002928 25/01/2016 16/03/2009 Book